Identités des Super-Héros Marvel - Statistiques

Statistiques générales
  • Ce quiz a été pris 4 618 fois
    4 322 depuis la dernière actualisation
  • Le résultat moyen est 25 sur 60
Statistiques - réponses
Vrai Nom ou Indice Réponse % Correct
Peter Parker Spider-Man
100%
Bruce Banner Hulk
99%
Anthony "Tony" Stark Iron Man
99%
Steven "Steve" Rogers Captain America
97%
Fils d'Odin Thor
97%
Natasha Romanoff Black Widow/La Veuve Noire
94%
Hank Pym / Scott Lang Ant-Man
92%
T'Challa Black Panther
92%
James "Bucky" Barnes Le Soldat de l'Hiver
84%
Je s'appelle Groot
82%
Peter Quill Star Lord
82%
Stephen Strange Doctor Strange
78%
Clint Barton Oeil-de-Faucon/Hawkeye
78%
Fille de Thanos Gamora
74%
James Howlett/Logan Wolverine
72%
Matthew "Matt" Murdock Daredevil
69%
Carol Danvers Captain Marvel
67%
Sam Wilson Le Faucon
66%
Raton Laveur qui parle Rocket Racoon
65%
Wade Wilson Deadpool
56%
James Rhodes War Machine
54%
Wanda Maximoff Sorcière Rouge
52%
Janet/Hope Van Dyne La Guêpe
51%
Pietro Maximoff Quicksilver/Vif-Argent
49%
Red Richards Mr. Fantastique
42%
Johnny Storm La Torche Humaine
41%
Elektra Natchios Elektra
40%
Marc Spector Moon Knight
39%
Franck Castle The Punisher
37%
Johnny Blaze Ghost Rider
36%
Susan Storm Femme Invisible
35%
Benjamin "Ben" Grimm La Chose
35%
Scott Summers Cyclope
32%
Le Destructeur Drax
32%
Charles Xavier Professeur Xavier
31%
Jean Grey Le Phénix
30%
Prince des Mers Namor
27%
Ororo Monroe Tornade
25%
Daniel "Danny" Rand Iron Fist
24%
Jennifer Walters She Hulk
22%
Henry "Hank" McCoy Le Fauve
20%
Victor Shade Vision
16%
Raven Darkhölme Mystique
14%
Luke Cage Power-Man
14%
Kurt Wagner Diablo
13%
Piotr Rasputin Colossus
10%
Remy LeBeau Gambit
10%
Alexander "Alex" Summers Havok
9%
Robert "Bobby" Drake Iceberg
9%
Warren Worthington Angel
7%
Anna Marie Malicia
7%
Nathan Summers Cable
6%
Laura Kinney/Howlett X-23
6%
Brian Braddock Captain Britain
5%
Richard Rider Nova
5%
Katherine Pryde Kitty Pryde
4%
Sean Cassidy Le Hurleur
4%
Robert Reynolds Sentry
3%
Neena Thurman Domino
2%
Doreen Green Squirrel Girl
2%
Aucun quiz correspondant
Distribution des résultats
% des personnes avec chaque résultat
Percentile par nombre de réponses
Votre historique - résultats
Vous n’avez pas pris ce quiz depuis la dernière actualisation